5HLuxD.jpg

KING HENRY VIII SENIOR AND PRIMARY SCHOOL LIBRARY OPAC

The prisoner of Zenda / (Record no. 2745)

000 -LEADER
fixed length control field 02169cam a22004094a 4500
001 - CONTROL NUMBER
control field .b2984955x
003 - CONTROL NUMBER IDENTIFIER
control field NhCcYBP
005 - DATE AND TIME OF LATEST TRANSACTION
control field 20230818113518.0
008 - FIXED-LENGTH DATA ELEMENTS--GENERAL INFORMATION
fixed length control field 201019s2008 enka 000 1 eng d
020 ## - INTERNATIONAL STANDARD BOOK NUMBER
International Standard Book Number 9780194791274
Qualifying information (pbk.) :
020 ## - INTERNATIONAL STANDARD BOOK NUMBER
International Standard Book Number 0194791270
035 ## - SYSTEM CONTROL NUMBER
System control number (OCoLC)192082233
037 ## - SOURCE OF ACQUISITION
Stock number 51929
Source of stock number/acquisition TVG
040 ## - CATALOGING SOURCE
Original cataloging agency Y$E
Language of cataloging eng
Transcribing agency Y$E
Modifying agency OCLCG
-- TVG
-- Z5U
-- GO4
-- OCLCF
-- OCLCO
-- OCLCQ
-- OCLCO
-- OVY
-- OCLCO
-- KH8
-- S1C
-- OCLCO
-- NhCcYBP
-- RDI
042 ## - AUTHENTICATION CODE
Authentication code nbic
082 04 - DEWEY DECIMAL CLASSIFICATION NUMBER
Classification number 428.6 HOP
Edition number 23
100 1# - MAIN ENTRY--PERSONAL NAME
Personal name Hope, Anthony,
Relator term author.
245 14 - TITLE STATEMENT
Title The prisoner of Zenda /
Statement of responsibility, etc. Anthony Hope ; retold by Diane Mowat ; illustrated by Alan Marks.
250 ## - EDITION STATEMENT
Edition statement Simplified ed.
260 ## - PUBLICATION, DISTRIBUTION, ETC.
Place of publication, distribution, etc. Oxford ;
-- New York :
Name of publisher, distributor, etc. Oxford University Press,
Date of publication, distribution, etc. ©2008.
300 ## - PHYSICAL DESCRIPTION
Extent 72 pages :
Other physical details illustrations ;
Dimensions 20 cm.
336 ## - CONTENT TYPE
Content type term text
Content type code txt
Source rdacontent.
337 ## - MEDIA TYPE
Media type term unmediated
Media type code n
Source rdamedia.
338 ## - CARRIER TYPE
Carrier type term volume
Carrier type code nc
Source rdacarrier.
490 1# - SERIES STATEMENT
Series statement Oxford bookworms library. Stage 3. Thriller & adventure.
500 ## - GENERAL NOTE
General note "First published in Oxford bookworms 1993"--Title page verso.
505 0# - FORMATTED CONTENTS NOTE
Formatted contents note The Rassendylls and the Elphbergs -- The colour of men's hair -- The king goes to his coronation -- My adventures begin -- His Majesty returns to Strelsau -- An adventure with a tea-table -- For love of the king -- Back to Zenda -- News of the prisoner -- A night outside the castle -- A dangerous plan -- The prisoner and the king -- Goodbye to Ruritania.
520 ## - SUMMARY, ETC.
Summary, etc. We must leave for Zenda at once, to find the King, cried Sapt. If we're caught, we'll all be killed. So Rudolf Rassendyll and Sapt gallop through the night to find the King of Ruritania. But the king is now a prisoner in the Castle of Zenda. Who will rescue him from his enemies, the dangerous Duke Michael and Rupert of Hantzau? And who will win the heart of the beautiful Princess Flavia?
650 #0 - SUBJECT ADDED ENTRY--TOPICAL TERM
Topical term or geographic name entry element Readers for new literates.
650 #0 - SUBJECT ADDED ENTRY--TOPICAL TERM
Topical term or geographic name entry element British
Geographic subdivision Foreign countries
Form subdivision Fiction.
650 #0 - SUBJECT ADDED ENTRY--TOPICAL TERM
Topical term or geographic name entry element Impostors and imposture
Form subdivision Fiction.
700 1# - ADDED ENTRY--PERSONAL NAME
Personal name Marks, Alan,
Dates associated with a name 1957-
700 1# - ADDED ENTRY--PERSONAL NAME
Personal name Mowat, Diane.
830 #0 - SERIES ADDED ENTRY--UNIFORM TITLE
Uniform title Oxford bookworms library.
Number of part/section of a work Stage 3.
Name of part/section of a work Thriller & adventure.
942 ## - ADDED ENTRY ELEMENTS (KOHA)
Source of classification or shelving scheme
Koha item type Teaching Resources
Holdings
Withdrawn status Lost status Source of classification or shelving scheme Damaged status Not for loan Collection code Permanent Location Current Location Shelving location Date acquired Total Checkouts Full call number Barcode Date due Date last seen Date last checked out Price effective from Koha item type
          Teaching Resources KH8 Senior School Library KH8 Senior School Library Staff Office 2023-08-18 3 428.6 HOP TRKHSL002127 2025-07-04 2024-11-28 2024-11-28 2023-08-18 Teaching Resources
          Teaching Resources KH8 Senior School Library KH8 Senior School Library Staff Office 2024-01-08 3 428.6 HOP TRKHSL005202 2026-07-03 2025-11-26 2025-11-26 2024-01-08 Teaching Resources

Powered By KH8 IT Dept